[Event "GER-chT U16"]
[Site "Naumburg"]
[Date "2012.12.29"]
[Round "6"]
[White "Moenius, Alexander"]
[Black "Kim, Yun Ghi"]
[Result "1/2-1/2"]
[WhiteElo "1566"]
[BlackElo "1547"]
[PlyCount "106"]
[EventDate "2012.12.27"]
[EventType "team-swiss"]
[EventRounds "7"]
[EventCountry "GER"]
[SourceTitle "EXT 2014"]
[Source "ChessBase"]
[SourceDate "2013.11.20"]
[SourceVersion "1"]
[SourceVersionDate "2013.11.20"]
[SourceQuality "1"]
[WhiteTeam "Hoechstadt/Aisch"]
[BlackTeam "Trier"]
[WhiteTeamCountry "GER"]
[BlackTeamCountry "GER"]

1. d4 d5 2. e3 Nf6 3. Bd3 e6 4. f4 Be7 5. Nf3 b6 6. 0-0 0-0 7. Ne5 Bb7 8. Rf3 Ne4 9. Rh3 g6 10. Nd2 Nd7 11. Nxe4 dxe4 12. Bb5 Nxe5 13. fxe5 a6 14. Bc4 b5 15. Bb3 c5 16. c3 Qb6 17. Qg4 Bd5 18. Bc2 Qc6 19. Bd2 Rac8 20. Rf1 f6 21. Qh4 Rf7 22. exf6 Rcf8 23. Rf4 Bd8 24. g4 Bc7 25. Rf1 cxd4 26. exd4 e5 27. Bh6 Bd8 28. Bxf8 Kxf8 29. g5 exd4 30. Bb3 Bxb3 31. axb3 d3 32. Qe1 Bb6+ 33. Kg2 d2 34. Qd1 e3+ 35. Rhf3 Qe4 36. Qe2 Rd7 37. c4 Qc2 38. Rd1 Qxd1 39. Qxd1 e2 40. Qxe2 d1Q 41. Qxd1 Rxd1 42. cxb5 Rg1+ 43. Kh3 Rxg5 44. bxa6 Ra5 45. Rc3 Rxa6 46. Rc6 Ra2 47. Rxb6 Rxb2 48. Rb7 h6 49. Kg3 Rb1 50. h4 Rf1 51. f7 Rxf7 52. Rxf7+ Kxf7 53. Kf4 Ke6 1/2-1/2

[Event "Rheinland Pfalz op 4th"]
[Site "Altenkirchen"]
[Date "2012.06.08"]
[Round "4"]
[White "Gross, Andreas"]
[Black "Kim, Yun Ghi"]
[Result "0-1"]
[WhiteElo "1257"]
[BlackElo "1736"]
[PlyCount "32"]
[EventDate "2012.06.07"]
[EventType "swiss"]
[EventRounds "7"]
[EventCountry "GER"]
[SourceTitle "CBM 148 Extra"]
[Source "ChessBase"]
[SourceDate "2012.06.22"]
[SourceVersion "1"]
[SourceVersionDate "2012.06.22"]
[SourceQuality "1"]

1. e4 e6 2. d4 d5 3. exd5 exd5 4. Bd3 Bd6 5. Nf3 Ne7 6. Be3 Bf5 7. 0-0 Nd7 8. c3 c6 9. Qc2 Bg6 10. Nbd2 Qc7 11. Bxg6 hxg6 12. h3 0-0-0 13. Bg5 f6 14. Be3 Nf5 15. Rfe1 Nf8 16. b3 Nh4 0-1

[Event "Rheinland Pfalz op 4th"]
[Site "Altenkirchen"]
[Date "2012.06.07"]
[Round "1"]
[White "Kim, Yun Ghi"]
[Black "Mueller, Markus"]
[Result "0-1"]
[WhiteElo "1736"]
[BlackElo "2200"]
[PlyCount "74"]
[EventDate "2012.06.07"]
[EventType "swiss"]
[EventRounds "7"]
[EventCountry "GER"]
[SourceTitle "CBM 148 Extra"]
[Source "ChessBase"]
[SourceDate "2012.06.22"]
[SourceVersion "1"]
[SourceVersionDate "2012.06.22"]
[SourceQuality "1"]

1. d4 Nf6 2. c4 e6 3. g3 Bb4+ 4. Bd2 c5 5. Nf3 Qb6 6. Bxb4 Qxb4+ 7. Qd2 Qxd2+ 8. Nbxd2 b6 9. Bg2 Bb7 10. 0-0 Na6 11. Rfd1 Rc8 12. Rac1 Ke7 13. Ne1 Bxg2 14. Kxg2 cxd4 15. Ndf3 Nc5 16. Nxd4 a6 17. f3 d6 18. Nd3 Rc7 19. Rc2 Rhc8 20. Rdc1 g6 21. Nxc5 Rxc5 22. e4 R5c7 23. Kf2 e5 24. Ne2 b5 25. b3 h6 26. Ke3 d5 27. Kd3 bxc4+ 28. bxc4 dxe4+ 29. fxe4 Rd8+ 30. Ke3 Ng4+ 31. Kf3 Nxh2+ 32. Kg2 Ng4 33. Kf3 f5 34. Nc3 Rd3+ 35. Ke2 Re3+ 36. Kf1 Ke6 37. Nd5 Rf7 0-1